Citrine's trade union law. (Record no. 231)

MARC details
000 -LEADER
fixed length control field 01140cam a22003371 4500
001 - CONTROL NUMBER
control field 761866
003 - CONTROL NUMBER IDENTIFIER
control field OSt
005 - DATE AND TIME OF LATEST TRANSACTION
control field 20110411115016.0
008 - FIXED-LENGTH DATA ELEMENTS--GENERAL INFORMATION
fixed length control field 710331s1967 enkak 000 0 eng
010 ## - LIBRARY OF CONGRESS CONTROL NUMBER
LC control number 68089295
015 ## - NATIONAL BIBLIOGRAPHY NUMBER
National bibliography number B67-26357
035 ## - SYSTEM CONTROL NUMBER
System control number (DLC) 68089295
040 ## - CATALOGING SOURCE
Original cataloging agency DLC
Transcribing agency DLC
Modifying agency DLC
043 ## - GEOGRAPHIC AREA CODE
Geographic area code e-uk---
050 00 - LIBRARY OF CONGRESS CALL NUMBER
Classification number KD3050
Item number .C58 1967
082 00 - DEWEY DECIMAL CLASSIFICATION NUMBER
Classification number 344.0188 CIT
100 1# - MAIN ENTRY--PERSONAL NAME
Personal name Citrine, Norman Arthur,
Titles and other words associated with a name Lord,
Dates associated with a name 1914-1997.
9 (RLIN) 677
245 00 - TITLE STATEMENT
Title Citrine's trade union law.
250 ## - EDITION STATEMENT
Edition statement 3rd ed.
Remainder of edition statement by M. A. Hickling; with a foreword by the Right Hon. Viscount Dilhorne.
260 ## - PUBLICATION, DISTRIBUTION, ETC. (IMPRINT)
Place of publication, distribution, etc London,
Name of publisher, distributor, etc Stevens,
Date of publication, distribution, etc 1967.
300 ## - PHYSICAL DESCRIPTION
Extent lxiv, 722 p.
Other physical details illus. (forms), tables.
Dimensions 26 cm.
350 ## - PRICE (NR) (BK AM CF MU VM SE) [OBSOLETE]
Price £9/9/-
650 #0 - SUBJECT ADDED ENTRY--TOPICAL TERM
Topical term or geographic name as entry element Labor unions
General subdivision Law and legislation
Geographic subdivision Great Britain.
9 (RLIN) 678
700 1# - ADDED ENTRY--PERSONAL NAME
Personal name Hickling, M. A.
9 (RLIN) 679
710 1# - ADDED ENTRY--CORPORATE NAME
Corporate name or jurisdiction name as entry element Great Britain.
Form subheading Laws, statutes, etc.
9 (RLIN) 680
740 0# - ADDED ENTRY--UNCONTROLLED RELATED/ANALYTICAL TITLE
Uncontrolled related/analytical title Trade union law.
906 ## - LOCAL DATA ELEMENT F, LDF (RLIN)
a 7
b cbc
c orignew
d u
e opcn
f 19
g y-gencatlg
942 ## - ADDED ENTRY ELEMENTS (KOHA)
Source of classification or shelving scheme Dewey Decimal Classification
Koha item type Books
Holdings
Withdrawn status Lost status Source of classification or shelving scheme Damaged status Not for loan Home library Current library Shelving location Date acquired Total Checkouts Full call number Barcode Date last seen Price effective from Koha item type
    Dewey Decimal Classification     Law Development Centre Main Library Law Development Centre Main Library Text Books and Laws 04/11/2011   344.0188 CIT 72139 04/11/2011 04/11/2011 Books